| 000 | 00369nam a2200169Ia 4500 | ||
|---|---|---|---|
| 005 | 20240828094704.0 | ||
| 008 | 131103s9999 xx 000 0 und d | ||
| 040 | _aLoreto College | ||
| 041 | _aEnglish | ||
| 082 |
_a891.43 _bPRI |
||
| 245 | _aPriyo bhasa | ||
| 260 |
_aDelhi _bGupta _c[19?] |
||
| 300 | _a pic. | ||
| 650 | _aHindi | ||
| 850 | _aLCBED | ||
| 942 | _cBK | ||
| 999 |
_c35409 _d85888 |
||